Marketingová komunikácia subjektov verejnej správy bakalárska práca

Gespeichert in:
Bibliographische Detailangaben
1. Verfasser: Fruniová, Simona
Körperschaft: Obchodná fakulta EU. Katedra marketingu
Weitere Verfasser: Zendulka, Lukáš, 1989-
Format: Buch
Sprache:Slowakisch
Veröffentlicht: Bratislava 2017
Tags: Tag hinzufügen
Keine Tags, Fügen Sie das erste Tag hinzu!

MARC

LEADER 00000nbm a2200000 4500
001 0232735
005 20170920111957.8
041 0 |a slo 
044 |a SK 
245 1 0 |a Marketingová komunikácia subjektov verejnej správy  |b bakalárska práca  |c Simona Fruniová ; školiteľ: Lukáš Zendulka 
264 1 |a Bratislava  |c 2017 
300 |a 54 s. 
100 1 |a Fruniová, Simona 
700 1 |a Zendulka, Lukáš, 1989- 
710 2 |a Obchodná fakulta EU. Katedra marketingu